[Event "ICS rated blitz match"]
[Site "204.178.125.65"]
[Date "2001.01.24"]
[Round "?"]
[White "Hossa"]
[Black "mambrino"]
[Result "1-0"]
[WhiteElo "2559"]
[BlackElo "2049"]
[PlyCount "53"]
[EventDate "2001.??.??"]

1. d4 Nf6 2. Bg5 g6 3. Bxf6 exf6 4. c4 Bg7 5. Nc3 O-O 6. e3 f5 7. Nf3 d6 8. Bd3
Nd7 9. O-O Nf6 10. Qd2 Re8 11. Qc2 b6 12. d5 a5 13. Nd4 Bd7 14. Ndb5 Ng4 15. h3
Ne5 16. Be2 Bxb5 17. Nxb5 Nd7 18. Rfe1 Nc5 19. Bf3 Qh4 20. Nxc7 f4 21. Nxe8
Rxe8 22. exf4 Rxe1+ 23. Rxe1 Qxf4 24. Re8+ Bf8 25. Be2 Kg7 26. g3 Qf5 27. Qxf5
{mambrino resigns} 1-0

[Event "ICS rated blitz match"]
[Site "204.178.125.65"]
[Date "2001.01.24"]
[Round "?"]
[White "Hossa"]
[Black "Valg"]
[Result "0-1"]
[WhiteElo "2561"]
[BlackElo "2704"]
[PlyCount "112"]
[EventDate "2001.??.??"]

1. e4 e5 2. f4 exf4 3. Nf3 g5 4. h4 g4 5. Ne5 Nf6 6. d4 d6 7. Nd3 Nxe4 8. Qe2
Qe7 9. Bxf4 Nc6 10. c3 Bf5 11. d5 Na5 12. Na3 O-O-O 13. O-O-O Re8 14. Qe3 Kb8
15. Nf2 Bg7 16. Nxe4 Qxe4 17. Qxe4 Rxe4 18. Bd2 b6 19. Bd3 Re5 20. Bxf5 Rxf5
21. Rdf1 Rxd5 22. Rxf7 Be5 23. Rhf1 b5 24. R1f5 h5 25. Bg5 Nc6 26. Bf6 Re8 27.
b4 a5 28. bxa5 Nxa5 29. Kb1 Rd1+ 30. Kc2 Rg1 31. Rf2 Bxf6 32. R7xf6 Re5 33. Rf7
g3 34. Rd2 Rh1 35. Rf4 Rh2 36. Rb4 c6 37. Rf4 Ka7 38. Rfd4 d5 39. Rf4 Re1 40.
Rf3 Rxh4 41. Rxg3 Ra4 42. c4 b4 43. cxd5 h4 44. Rg7+ Kb6 45. Nb1 Rxa2+ 46. Kd3
Ra1 47. dxc6 Raxb1 48. c7 Rb3+ 49. Kd4 Rc3 50. c8=Q Nb3+ 51. Kd5 Rxc8 52. Rb2
Rc5+ 53. Kd6 Ree5 54. Rd2 Nxd2 55. Kd7 Rcd5+ 56. Kc8 Re8# {Hossa checkmated}
0-1

[Event "ICS Rated blitz match"]
[Site "204.178.125.65"]
[Date "2001.01.24"]
[Round "?"]
[White "mambrino"]
[Black "Hossa"]
[Result "0-1"]
[WhiteElo "2039"]
[BlackElo "2551"]
[PlyCount "70"]
[EventDate "2001.??.??"]

1. d4 Nf6 2. c4 e6 3. Nf3 b6 4. g3 Ba6 5. Nbd2 Bb7 6. Bg2 c5 7. O-O cxd4 8. Nb3
Bc5 9. Nbxd4 O-O 10. b3 d6 11. Bb2 Be4 12. Ne1 Bxg2 13. Nxg2 e5 14. Nb5 Nc6 15.
Nc3 Bd4 16. e3 Bxc3 17. Bxc3 d5 18. cxd5 Nxd5 19. Bb2 f5 20. Rc1 Qd7 21. Qe2 a6
22. Rfd1 Qe6 23. Qc4 Ncb4 24. a3 Rfc8 25. Qe2 Rxc1 26. Rxc1 Nc6 27. Qc4 Na5 28.
Qc2 Ne7 29. Qd1 Nxb3 30. Rc7 Qd5 31. Qc2 Rd8 32. Ne1 Kf8 33. h4 Nd2 34. a4 Nf3+
35. Nxf3 Qxf3 {mambrino resigns} 0-1

[Event "ICS rated standard match"]
[Site "204.178.125.65"]
[Date "2001.01.24"]
[Round "?"]
[White "PikachuPym"]
[Black "Hossa"]
[Result "0-1"]
[WhiteElo "1906"]
[BlackElo "2327"]
[PlyCount "72"]
[EventDate "2001.??.??"]

1. e4 c5 2. Nf3 e6 3. d4 cxd4 4. Nxd4 Nf6 5. Nc3 Nc6 6. Be3 Bb4 7. Nxc6 bxc6 8.
e5 Bxc3+ 9. bxc3 Nd5 10. Bd4 Qa5 11. Qd2 c5 12. c4 Nb4 13. Bc3 Qa3 14. Bxb4
Qxb4 15. Qxb4 cxb4 16. Bd3 Bb7 17. Rb1 a5 18. a3 Bc6 19. axb4 axb4 20. O-O Ra4
21. c3 Ra3 22. Rxb4 O-O 23. Rc1 Ra5 24. f4 g5 25. g3 gxf4 26. gxf4 f6 27. Re1
fxe5 28. Rxe5 Ra1+ 29. Kf2 Rxf4+ 30. Ke3 Rf3+ 31. Kd4 Rd1 32. Re3 e5+ 33. Rxe5
d6 34. Rg5+ Kf7 35. c5 Rdxd3+ 36. Kc4 Rxc3+ {PikachuPym resigns} 0-1

[Event "ICS rated blitz match"]
[Site "204.178.125.65"]
[Date "2001.01.24"]
[Round "?"]
[White "ChesterX"]
[Black "Hossa"]
[Result "1-0"]
[WhiteElo "2677"]
[BlackElo "2553"]
[PlyCount "165"]
[EventDate "2001.??.??"]

1. d4 Nf6 2. c4 e6 3. Nf3 b6 4. e3 Bb7 5. Bd3 d5 6. O-O dxc4 7. Bxc4 Bd6 8. Nc3
O-O 9. b3 Nc6 10. Bb2 Ne7 11. Nb5 a6 12. Nxd6 cxd6 13. Rc1 Qd7 14. Qe2 b5 15.
Bd3 Be4 16. Bxe4 Nxe4 17. Rc2 Rac8 18. Rfc1 Nd5 19. a3 Ndf6 20. Qd3 Qb7 21. h3
Rxc2 22. Qxc2 Qd5 23. b4 Re8 24. Nd2 Nxd2 25. Qxd2 Rd8 26. f3 Qb7 27. Qc2 Nd5
28. e4 Nb6 29. Qc7 Qxc7 30. Rxc7 Rc8 31. Rxc8+ Nxc8 32. Kf2 Nb6 33. Bc1 Nc4 34.
g4 d5 35. e5 f6 36. f4 fxe5 37. fxe5 Kf7 38. Ke2 Ke7 39. Kd3 Kf8 40. Kc3 Kf7
41. Kb3 Nb6 42. Bf4 Ke8 43. h4 Kd7 44. Bg5 Nc4 45. a4 Kc6 46. a5 Kd7 47. Kc2
Ke8 48. h5 Kd7 49. Kd3 h6 50. Bc1 Ke8 51. Ke2 Kf7 52. Kf3 g5 53. hxg6+ Kxg6 54.
Kg2 h5 55. Kg3 hxg4 56. Kxg4 Kf7 57. Kh5 Kg7 58. Kg5 Kf7 59. Kh6 Kf8 60. Kg6
Ke8 61. Kf6 Kd7 62. Kf7 Kd8 63. Kxe6 Ke8 64. Kxd5 Kd7 65. e6+ Ke8 66. Kc6 Ke7
67. d5 Kf6 68. Kd7 Ke5 69. e7 Kxd5 70. e8=Q Ne5+ 71. Kc7 Nd3 72. Bd2 Ne5 73.
Bc3 Kc4 74. Qe6+ Kxc3 75. Qxe5+ Kb3 76. Kb6 Kc4 77. Kxa6 Kd3 78. Kxb5 Kc2 79.
Qe2+ Kc3 80. Kc5 Kb3 81. Qd2 Ka3 82. Kc4 Ka4 83. Qa2# {Hossa checkmated} 1-0

[Event "ICS Rated blitz match"]
[Site "204.178.125.65"]
[Date "2001.01.25"]
[Round "?"]
[White "Hossa"]
[Black "Amateur"]
[Result "0-1"]
[WhiteElo "2542"]
[BlackElo "2504"]
[PlyCount "61"]
[EventDate "2001.??.??"]

1. d4 Nf6 2. c4 e6 3. Nf3 d5 4. Nc3 dxc4 5. e3 a6 6. Bxc4 Bd6 7. e4 Bb4 8. Bg5
h6 9. Bxf6 Qxf6 10. O-O O-O 11. a3 Bxc3 12. bxc3 Nc6 13. Qd2 Na5 14. Ne5 Nxc4
15. Nxc4 Qh4 16. Qc2 b6 17. Ne5 Bb7 18. f4 Rad8 19. Qd3 Qe7 20. f5 exf5 21.
Rxf5 b5 22. Qf3 f6 23. Nd3 Bxe4 24. Qe2 Rfe8 25. Rf2 Bd5 26. Qd1 Qe3 27. Rc1
Re4 28. Nc5 Rg4 29. g3 Rxg3+ 30. hxg3 Qxg3+ 31. Kf1 {Hossa resigns} 0-1

[Event "ICS rated blitz match"]
[Site "204.178.125.65"]
[Date "2001.01.25"]
[Round "?"]
[White "Amateur"]
[Black "Hossa"]
[Result "1-0"]
[WhiteElo "2522"]
[BlackElo "2524"]
[PlyCount "60"]
[EventDate "2001.??.??"]

1. e4 c5 2. Nf3 e6 3. d4 cxd4 4. Nxd4 Nf6 5. Nc3 Nc6 6. Ndb5 Bb4 7. Nd6+ Ke7 8.
Bf4 e5 9. Nf5+ Kf8 10. Bd2 d5 11. Ng3 d4 12. Na4 Kg8 13. Bxb4 Nxb4 14. c3 Qd6
15. Qb3 Nc6 16. Bc4 Qc7 17. Bd5 b6 18. Qc4 Bb7 19. Nf5 Rc8 20. Qd3 Qd8 21. Qg3
g6 22. Nh6+ Kg7 23. Nxf7 Qd7 24. Nxh8 Rxh8 25. c4 Nb4 26. Qb3 Nc6 27. Qb5 Rf8
28. O-O Kh8 29. f4 exf4 30. Rxf4 Kg7 {Hossa resigns} 1-0

[Event "ICS rated blitz match"]
[Site "204.178.125.65"]
[Date "2001.01.25"]
[Round "?"]
[White "Hossa"]
[Black "Amateur"]
[Result "1/2-1/2"]
[WhiteElo "2508"]
[BlackElo "2538"]
[PlyCount "167"]
[EventDate "2001.??.??"]

1. d4 d6 2. c4 e5 3. dxe5 Nc6 4. exd6 Qxd6 5. Qxd6 Bxd6 6. Nf3 Bg4 7. h3 Be6 8.
e3 O-O-O 9. Be2 Nb4 10. Na3 Nf6 11. O-O Rhe8 12. Rd1 Ne4 13. Nb5 Bc5 14. Nbd4
Rd6 15. a3 Nc6 16. Bd3 Bd7 17. Nb5 Rg6 18. b4 Bf8 19. Nd2 f5 20. Bb2 a6 21. Nc3
Ne5 22. Be2 Nxc3 23. Bxc3 Bc6 24. e4 Ree6 25. f4 Nd7 26. Bf3 fxe4 27. f5 exf3
28. fxe6 Rxg2+ 29. Kf1 Nb6 30. Bd4 Re2 31. c5 Na4 32. Rab1 Rh2 33. Be5 Bb5+ 34.
Kg1 Rxh3 35. Bd4 Bd3 36. Ra1 Be2 37. Re1 Rh4 38. Nb3 Re4 39. Kf2 h5 40. Rg1 Be7
41. Rxg7 Bh4+ 42. Kg1 Rxe6 43. Nd2 Re8 44. Rc1 Rd8 45. Nb3 Bb5 46. Rc2 Be2 47.
Rc1 c6 48. Rg6 Re8 49. Rg7 Rf8 50. Nd2 Rd8 51. Nb3 Bd3 52. Bf2 Bf6 53. Rf7 Bb2
54. Re1 Rg8+ 55. Kh2 Bc4 56. Rxf3 Bd5 57. Nd2 Bc3 58. Rxc3 Rg2+ 59. Kh3 Nxc3
60. Be3 Rg4 61. Rg1 Be6 62. Rxg4 Bxg4+ 63. Kh4 Nd5 64. Nc4 Nc7 65. Nb6+ Kd8 66.
Bg5+ Ke8 67. Nc4 Nb5 68. Nd6+ Nxd6 69. cxd6 b6 70. Bf4 c5 71. bxc5 bxc5 72. Be5
c4 73. Kg5 Kd7 74. Kf6 Kc6 75. a4 Kc5 76. Ke7 Kd5 77. Bf6 Kc6 78. a5 Bf5 79.
Be5 h4 80. Kf7 Bd3 81. Ke7 Bf5 82. Kf7 Be4 83. Ke7 Bf5 84. Kf7 {
Game drawn by repetition} 1/2-1/2

[Event "ICS rated blitz match"]
[Site "204.178.125.65"]
[Date "2001.01.25"]
[Round "?"]
[White "QueenMaxima"]
[Black "Hossa"]
[Result "1-0"]
[WhiteElo "2524"]
[BlackElo "2509"]
[PlyCount "123"]
[EventDate "2001.??.??"]

1. e4 c5 2. Nf3 e6 3. d4 cxd4 4. Nxd4 Nf6 5. Nc3 Nc6 6. Ndb5 Bb4 7. a3 Bxc3+ 8.
Nxc3 d5 9. exd5 exd5 10. Bd3 d4 11. Ne2 O-O 12. O-O Qb6 13. Bg5 Ng4 14. Rb1 Qc5
15. Bf4 Bf5 16. b4 Qd5 17. Bxf5 Qxf5 18. b5 Ne7 19. Bd6 Qe6 20. Bb4 Ne5 21. Nf4
Qd7 22. Re1 f6 23. c3 d3 24. Nxd3 Nxd3 25. Rxe7 Qf5 26. Qc2 Rfd8 27. Rxb7 Re8
28. Qa2+ Kh8 29. f3 Qe5 30. h3 Qe3+ 31. Kh1 Nf2+ 32. Kh2 Rab8 33. Rxb8 Rxb8 34.
Qd5 Qe2 35. Bd6 Rd8 36. c4 Nd3 37. b6 Nf4 38. Bxf4 Rxd5 39. bxa7 Rd8 40. Rb8
Rg8 41. a8=Q Qxc4 42. Rxg8+ Qxg8 43. Qxg8+ Kxg8 44. a4 g5 45. Bc1 Kf7 46. a5 f5
47. a6 h6 48. a7 Ke6 49. a8=Q Kd6 50. Qh8 Kd5 51. g4 Kc4 52. Qg8+ Kd4 53. gxf5
g4 54. Qxg4+ Kd5 55. f6 Kc5 56. Qf5+ Kd4 57. Qe4+ Kc5 58. Be3+ Kd6 59. f7 Kd7
60. Bf4 Kc8 61. Qc6+ Kd8 62. f8=Q# {Hossa checkmated} 1-0

[Event "ICS rated blitz match"]
[Site "204.178.125.65"]
[Date "2001.01.25"]
[Round "?"]
[White "PostModernist"]
[Black "Hossa"]
[Result "1-0"]
[WhiteElo "2625"]
[BlackElo "2494"]
[PlyCount "171"]
[EventDate "2001.??.??"]

1. e4 c5 2. c3 d5 3. exd5 Qxd5 4. d4 Nc6 5. Nf3 Nf6 6. Be2 e6 7. Be3 cxd4 8.
cxd4 Bb4+ 9. Nc3 Qd7 10. Qd3 O-O 11. O-O Rd8 12. Rfc1 Bd6 13. Ne4 Be7 14. Neg5
Bd6 15. a3 Ne7 16. Qc2 h6 17. Ne5 Bxe5 18. dxe5 hxg5 19. exf6 gxf6 20. Rd1 Nd5
21. Bf3 Qc6 22. Qd2 Qc7 23. Rac1 Qd6 24. Bd4 Qe7 25. Qa5 Bd7 26. Bxd5 exd5 27.
Rc7 b5 28. Re1 Qd6 29. Bc5 Qf4 30. Be7 Qf5 31. Bxd8 Rxd8 32. Qxa7 Kg7 33. Rd1
Be6 34. Rc5 Qe5 35. Qa5 Rh8 36. h3 Qxb2 37. Rxb5 Qe2 38. Re1 Qc4 39. Rbb1 Bf5
40. Rbc1 Qb3 41. Rc5 Be6 42. Rc7 d4 43. Qa6 Re8 44. Qd6 d3 45. Re3 Qb1+ 46. Kh2
Qa2 47. Qxd3 Qxf2 48. Rf3 Qb6 49. Qc3 Qd6+ 50. Kg1 Qb6+ 51. Rf2 Bd5 52. Rc5 Qd6
53. Rd2 Re5 54. Qd4 Re1+ 55. Kf2 Re4 56. Qxe4 Qxc5+ 57. Qd4 Qxd4+ 58. Rxd4 Bb7
59. a4 f5 60. a5 Kf8 61. g3 Kg7 62. Rd6 Be4 63. a6 g4 64. h4 f4 65. Rd4 fxg3+
66. Kxg3 Bh1 67. Rxg4+ Kh7 68. Rf4 Bd5 69. Rf5 Bc6 70. Rxf7+ Kg6 71. Rf8 Kg7
72. Rb8 Bd5 73. a7 Kf6 74. a8=Q Bc4 75. Qc6+ Ke5 76. Rb5+ Kd4 77. Qxc4+ Kxc4
78. Rg5 Kd4 79. h5 Ke4 80. h6 Kd4 81. h7 Kc3 82. h8=Q+ Kd3 83. Qc8 Ke3 84. Qd7
Ke2 85. Re5+ Kf1 86. Qd1# {Hossa checkmated} 1-0

[Event "ICS Rated blitz match"]
[Site "204.178.125.65"]
[Date "2001.01.25"]
[Round "?"]
[White "Amateur"]
[Black "Hossa"]
[Result "1-0"]
[WhiteElo "2545"]
[BlackElo "2484"]
[PlyCount "149"]
[EventDate "2001.??.??"]

1. e4 c5 2. Nf3 e6 3. d3 d5 4. Nbd2 Nc6 5. Be2 Nf6 6. exd5 exd5 7. O-O Bd6 8.
Nb3 O-O 9. Be3 d4 10. Bg5 h6 11. Bh4 Re8 12. Qd2 a5 13. a4 b6 14. Rae1 Be6 15.
Bd1 Rc8 16. c3 Bc7 17. Bc2 g5 18. Nxg5 Ng4 19. Nf3 Qd6 20. Bg3 Qd7 21. Bxc7
dxc3 22. bxc3 c4 23. Nxa5 Qxc7 24. Nxc6 cxd3 25. Qxd3 Qxc6 26. Qh7+ Kf8 27. Bf5
Qxc3 28. Bxe6 Rxe6 29. h3 Rxe1 30. Rxe1 Nf6 31. Qxh6+ Kg8 32. Qg5+ Kf8 33. Rb1
Rc6 34. Rd1 Re6 35. Qh6+ Kg8 36. Qg5+ Kf8 37. Rc1 Qb2 38. Qf4 Re4 39. Qh6+ Kg8
40. Rc6 Re6 41. Rxe6 fxe6 42. Qe3 Kg7 43. Qxe6 Qa1+ 44. Qe1 Qa3 45. Qd1 Qc5 46.
g4 Kf7 47. h4 Ke7 48. Qe1+ Kf8 49. g5 Nd5 50. Qe5 Qc6 51. h5 Qc1+ 52. Kh2 Qd1
53. Qf5+ Ke8 54. g6 Ne7 55. Qb5+ Qd7 56. Qxb6 Qxa4 57. Qb8+ Kd7 58. g7 Qc2 59.
Ne5+ Ke6 60. Qf8 Qe2 61. Qf7+ Kd6 62. Qf6+ Kd5 63. Ng6 Qxh5+ 64. Kg3 Qd1 65.
Nxe7+ Kc5 66. Qe5+ Kb4 67. Nc6+ Ka3 68. Qc3+ Qb3 69. Qxb3+ Kxb3 70. g8=Q+ Kc3
71. f4 Kd3 72. Qb3+ Ke4 73. Ne7 Kd4 74. Qc2 Ke3 75. Nf5# {Hossa checkmated} 1-0

[Event "ICS rated blitz match"]
[Site "204.178.125.65"]
[Date "2001.01.25"]
[Round "?"]
[White "Hossa"]
[Black "GSG"]
[Result "1-0"]
[WhiteElo "2471"]
[BlackElo "2008"]
[PlyCount "75"]
[EventDate "2001.??.??"]

1. d4 Nf6 2. c4 g6 3. Nc3 d5 4. cxd5 Nxd5 5. e4 Nb6 6. Nf3 Bg7 7. Be3 O-O 8.
Be2 Bg4 9. O-O N8d7 10. Ng5 Bxe2 11. Qxe2 e5 12. dxe5 Nxe5 13. Rfd1 Qe7 14. f4
Nec4 15. Bd4 Bxd4+ 16. Rxd4 Qc5 17. Rad1 Rad8 18. Nf3 Rfe8 19. b4 Qe7 20. Rxc4
Rxd1+ 21. Nxd1 Nxc4 22. Qxc4 Qxe4 23. Qxc7 Qe2 24. Qd7 Re4 25. f5 gxf5 26. Qd8+
Kg7 27. Qg5+ Kf8 28. Nc3 Qe3+ 29. Qxe3 Rxe3 30. Nb1 Re2 31. Nbd2 Re3 32. Nb3
Re4 33. Nbd4 Ke8 34. Kf1 Kd7 35. Kf2 f4 36. a4 a6 37. Nc2 Rc4 38. Ne5+ {
GSG resigns} 1-0

[Event "ICS rated blitz match"]
[Site "204.178.125.65"]
[Date "2001.01.25"]
[Round "?"]
[White "cfd"]
[Black "Hossa"]
[Result "0-1"]
[WhiteElo "2178"]
[BlackElo "2478"]
[PlyCount "30"]
[EventDate "2001.??.??"]

1. d4 Nf6 2. e3 g6 3. b3 Bg7 4. Bb2 O-O 5. Nf3 d6 6. c4 Na6 7. Nc3 c5 8. Be2
cxd4 9. exd4 Re8 10. O-O Bd7 11. a3 Qb6 12. Re1 Bc6 13. d5 Ng4 14. Rf1 Bd7 15.
h3 Ne3 {cfd resigns} 0-1

[Event "ICS rated blitz match"]
[Site "204.178.125.65"]
[Date "2001.01.25"]
[Round "?"]
[White "Valg"]
[Black "Hossa"]
[Result "1-0"]
[WhiteElo "2756"]
[BlackElo "2483"]
[PlyCount "105"]
[EventDate "2001.??.??"]

1. d4 d6 2. c4 e5 3. Nf3 exd4 4. Nxd4 Nf6 5. Nc3 Be7 6. g3 d5 7. Bg2 dxc4 8.
Qa4+ Nbd7 9. Qxc4 Nb6 10. Qd3 c5 11. Nc2 Qxd3 12. exd3 O-O 13. a4 Rd8 14. a5
Nbd5 15. Nxd5 Nxd5 16. O-O Be6 17. Re1 Rac8 18. Ra4 Re8 19. Rae4 Rcd8 20. Re5
Nf6 21. Bxb7 Rxd3 22. Bc6 Rc8 23. Bg2 Bd6 24. R5e2 Rb8 25. Bf1 Rdb3 26. Rxe6
fxe6 27. Rxe6 Rxb2 28. Na3 Bc7 29. Bxb2 Rxb2 30. Rc6 Bd8 31. Nc4 Rb1 32. Rxc5
Kf8 33. Kg2 Rb3 34. Rc8 Ke7 35. a6 Ne4 36. Ra8 Bb6 37. Rb8 Nxg3 38. hxg3 Rc3
39. Rb7+ Kd8 40. Rxb6 Ke7 41. Rb7+ Kf6 42. Rxa7 Rc1 43. Nb6 Ra1 44. Rd7 h5 45.
a7 Ke5 46. Rxg7 Kf6 47. Rc7 Kg5 48. Rc6 Kf5 49. Nd7 Ra3 50. a8=Q Ke4 51. Ra6+
Kf5 52. Qd5+ Kg4 53. Nf6# {Hossa checkmated} 1-0

[Event "ICS rated blitz match"]
[Site "204.178.125.65"]
[Date "2001.01.25"]
[Round "?"]
[White "Hossa"]
[Black "armenjan"]
[Result "1-0"]
[WhiteElo "2477"]
[BlackElo "2086"]
[PlyCount "129"]
[EventDate "2001.??.??"]

1. d4 d5 2. c4 c6 3. Nf3 Nf6 4. Nc3 dxc4 5. a4 Bf5 6. e3 e6 7. Bxc4 Bb4 8. O-O
O-O 9. Nh4 Bg4 10. f3 Bh5 11. g4 Bg6 12. e4 Nbd7 13. g5 Ne8 14. Nxg6 hxg6 15.
Be3 Nd6 16. Bd3 e5 17. f4 exd4 18. Bxd4 Bc5 19. Bf2 Bxf2+ 20. Rxf2 Nc5 21. b4
Nxd3 22. Qxd3 Qe7 23. Rd2 Rad8 24. Rad1 b6 25. e5 Nb7 26. Qc4 Rxd2 27. Rxd2 Rd8
28. Rxd8+ Qxd8 29. Qxc6 Qd4+ 30. Kg2 Qxf4 31. Qc8+ Kh7 32. Qxb7 Qd2+ 33. Kf1
Qc1+ 34. Kf2 Qxc3 35. Qxf7 Qxe5 36. Qxa7 Qf4+ 37. Ke2 Qc4+ 38. Kf3 Qc3+ 39. Ke4
Qxb4+ 40. Kd3 Qa3+ 41. Kc4 Qc5+ 42. Kb3 Qd5+ 43. Kc2 Qf5+ 44. Kb2 Qf2+ 45. Kb3
Qe3+ 46. Ka2 Qf2+ 47. Ka3 Qc5+ 48. Kb2 Qd6 49. h3 Qh2+ 50. Ka1 Qg1+ 51. Ka2
Qg2+ 52. Kb1 Qc6 53. Qa6 Qe4+ 54. Kc1 Qh1+ 55. Kc2 Qg2+ 56. Kc3 Qxh3+ 57. Qd3
Qc8+ 58. Kd2 Qc5 59. Qh3+ Kg8 60. Qe6+ Kf8 61. Qxg6 Qd4+ 62. Qd3 Qxa4 63. Qd6+
Kf7 64. g6+ Kg8 65. Qd8+ {armenjan resigns} 1-0

[Event "ICS rated blitz match"]
[Site "204.178.125.65"]
[Date "2001.01.25"]
[Round "?"]
[White "armenjan"]
[Black "Hossa"]
[Result "0-1"]
[WhiteElo "2083"]
[BlackElo "2480"]
[PlyCount "32"]
[EventDate "2001.??.??"]

1. d4 Nf6 2. c4 e6 3. Nf3 d5 4. g3 Be7 5. Bg2 O-O 6. O-O dxc4 7. Nbd2 b5 8. a4
c6 9. e4 Bb7 10. e5 Nd5 11. Ne4 Na6 12. Bg5 Nab4 13. Bxe7 Qxe7 14. Nc5 Rfd8 15.
Nd2 c3 16. Nde4 cxb2 {armenjan resigns} 0-1

[Event "ICS rated standard match"]
[Site "204.178.125.65"]
[Date "2001.01.25"]
[Round "?"]
[White "BrazilianMaster"]
[Black "Hossa"]
[Result "1-0"]
[WhiteElo "2691"]
[BlackElo "2330"]
[PlyCount "89"]
[EventDate "2001.??.??"]

1. e4 c5 2. c3 d5 3. exd5 Qxd5 4. d4 Nc6 5. Nf3 cxd4 6. cxd4 e5 7. Nc3 Bb4 8.
Bd2 Bxc3 9. Bxc3 e4 10. Ne5 Nxe5 11. dxe5 Ne7 12. Qe2 Bd7 13. e6 Qxe6 14. Bxg7
Rg8 15. Bd4 Nc6 16. Bc3 O-O-O 17. Qe3 Qe7 18. g3 h5 19. Rc1 Bg4 20. Bc4 Bf3 21.
O-O h4 22. Qf4 hxg3 23. fxg3 Qc5+ 24. Rf2 Qh5 25. b4 Rd7 26. Rfc2 Re8 27. Bd2
Bd1 28. Rc3 Rh8 29. h4 Ba4 30. Bf1 Rf8 31. b5 Bxb5 32. Rc5 Qg6 33. Rxb5 a6 34.
Rb6 Rc7 35. Ba5 Rg8 36. Rb3 Rd7 37. Bh3 b6 38. Bxb6 f5 39. Bxf5 Kb7 40. Bxd7
Ka8 41. Bxc6+ Qxc6 42. Rxc6 e3 43. Bxe3 Rxg3+ 44. Qxg3 a5 45. Rb8# {
Hossa checkmated} 1-0

[Event "ICS rated blitz match"]
[Site "204.178.125.65"]
[Date "2001.01.25"]
[Round "?"]
[White "Hossa"]
[Black "Conjecture"]
[Result "1-0"]
[WhiteElo "2485"]
[BlackElo "2121"]
[PlyCount "81"]
[EventDate "2001.??.??"]

1. d4 e6 2. e4 d5 3. e5 c5 4. c3 Nc6 5. Nf3 cxd4 6. cxd4 Qb6 7. Nc3 Nge7 8. Bb5
Bd7 9. Qb3 Nf5 10. Na4 Qc7 11. Bxc6 Bxc6 12. Nc3 Be7 13. O-O O-O 14. Be3 a6 15.
Rac1 Qd7 16. Qc2 Rac8 17. Qd3 b5 18. a3 Bb7 19. Bg5 Rc4 20. Bxe7 Nxe7 21. b3
Rc7 22. Rc2 Rfc8 23. Rfc1 a5 24. b4 a4 25. Ng5 Ng6 26. h4 h6 27. Nf3 Rc4 28. h5
Nf4 29. Qd2 Nxh5 30. g4 Ng3 31. fxg3 Qc6 32. g5 h5 33. Qd3 g6 34. Nd2 Qb6 35.
Nxc4 dxc4 36. Qd2 Qc6 37. Qf4 Qh1+ 38. Kf2 Qg2+ 39. Ke3 Qc6 40. Rf1 Rd8 41.
Qxf7+ {Conjecture resigns} 1-0

[Event "ICS rated blitz match"]
[Site "204.178.125.65"]
[Date "2001.01.25"]
[Round "?"]
[White "Helfacia"]
[Black "Hossa"]
[Result "0-1"]
[WhiteElo "1926"]
[BlackElo "2489"]
[PlyCount "96"]
[EventDate "2001.??.??"]

1. e4 c5 2. Nf3 Nc6 3. Bb5 d6 4. O-O Bd7 5. c3 Nf6 6. Re1 a6 7. Ba4 b5 8. Bc2
e5 9. b3 Be7 10. Bb2 O-O 11. d3 Qc7 12. Nbd2 b4 13. c4 Bg4 14. a4 bxa3 15. Rxa3
Nb4 16. Bc3 Rfb8 17. Qb1 Nd7 18. Bxb4 Rxb4 19. Qa1 Qb7 20. Qa2 f5 21. Ra1 Nb8
22. Ne1 Bg5 23. Nb1 fxe4 24. dxe4 Bc1 25. Ra4 Rxa4 26. Qxa4 Nc6 27. f3 Bd7 28.
Qa2 Nb4 29. Qa5 Bb2 30. Ra2 Bd4+ 31. Kf1 Nxa2 32. Qxa2 Rf8 33. Bd3 Bc6 34. Nd2
Be3 35. Nb1 Bxe4 36. Qe2 Bxd3 37. Qxd3 Bd4 38. Nd2 Qf7 39. Ne4 Qf4 40. g3 Qc1
41. Ke2 Rb8 42. Nd2 a5 43. f4 exf4 44. gxf4 Re8+ 45. Ne4 Qxf4 46. Ng2 Rxe4+ 47.
Kd1 Qg4+ 48. Kc1 Qxg2 {Helfacia resigns} 0-1

[Event "ICS rated blitz match"]
[Site "204.178.125.65"]
[Date "2001.01.25"]
[Round "?"]
[White "Hossa"]
[Black "Helfacia"]
[Result "1-0"]
[WhiteElo "2490"]
[BlackElo "1925"]
[PlyCount "93"]
[EventDate "2001.??.??"]

1. e4 c6 2. d4 d5 3. exd5 cxd5 4. Bd3 e6 5. Nf3 Nf6 6. O-O Be7 7. c3 O-O 8. Bf4
Nc6 9. Nbd2 Bd7 10. Qc2 Rc8 11. a3 a6 12. Bg5 h6 13. Bf4 b5 14. Nb3 Qb6 15.
Rab1 a5 16. Ne5 Rfd8 17. Qe2 b4 18. axb4 axb4 19. Nf3 Na5 20. Nxa5 Qxa5 21. Ba6
Ra8 22. Ra1 Qb6 23. cxb4 Qxb4 24. Bc7 Re8 25. Rfc1 Bc8 26. Bb5 Rxa1 27. Rxa1
Bd7 28. Bd3 Rc8 29. Ba5 Qb3 30. Ne5 Be8 31. Bc3 Bb4 32. Bc2 Bxc3 33. Bxb3 Bxd4
34. Rd1 Bb6 35. Bc2 d4 36. Nf3 Nd5 37. Nxd4 Nb4 38. Be4 Rd8 39. Qc4 Nd5 40. Nf3
Nf6 41. Rxd8 Bxd8 42. Qc8 Be7 43. Bc6 Kf8 44. Ne5 Bd6 45. Nd7+ Ke7 46. Nxf6
Bxc6 47. Ng8# {Helfacia checkmated} 1-0

[Event "ICS Rated standard match"]
[Site "204.178.125.65"]
[Date "2001.01.25"]
[Round "?"]
[White "Hossa"]
[Black "BrazilianMaster"]
[Result "0-1"]
[WhiteElo "2326"]
[BlackElo "2708"]
[PlyCount "128"]
[EventDate "2001.??.??"]

1. d4 c6 2. c4 d5 3. Nf3 Nf6 4. Nc3 e6 5. e3 Nbd7 6. Bd2 b6 7. Bd3 Bb7 8. O-O
Be7 9. Qc2 O-O 10. cxd5 cxd5 11. Ng5 h6 12. Nh7 Re8 13. Nxf6+ Nxf6 14. f4 a6
15. Be1 Rc8 16. Bh4 b5 17. f5 b4 18. fxe6 bxc3 19. exf7+ Kxf7 20. Bg6+ Kg8 21.
Bxe8 Qxe8 22. bxc3 Ne4 23. Qb2 Bxh4 24. Qxb7 Qe6 25. Rf7 Bf6 26. Rc7 Rxc7 27.
Qxc7 Bg5 28. Qb8+ Kh7 29. Re1 Nxc3 30. Qb2 Ne4 31. Qe2 g6 32. Rb1 Nd2 33. Rb7+
Kh8 34. Rb8+ Kg7 35. Rb7+ Kf8 36. Rb8+ Ke7 37. Kf2 Qf5+ 38. Ke1 Nc4 39. Rb3 Kd7
40. Rc3 a5 41. Rb3 a4 42. Rc3 Bxe3 43. Rxe3 Nxe3 44. Qxe3 Qb1+ 45. Ke2 Qxa2+
46. Qd2 Qc4+ 47. Kd1 a3 48. Qf4 a2 49. Qf7+ Kc6 50. Qe8+ Kb6 51. Qb8+ Ka5 52.
Qa7+ Kb4 53. Kd2 Qc3+ 54. Ke2 a1=Q 55. Qb7+ Ka3 56. Qa8+ Kb3 57. Qxa1 Qxa1 58.
Kf3 Qf1+ 59. Kg3 Kc3 60. h4 Kxd4 61. Kh3 Ke3 62. h5 g5 63. Kg4 Qf4+ 64. Kh3
Qh4# {Hossa checkmated} 0-1

[Event "ICS rated blitz match"]
[Site "204.178.125.65"]
[Date "2001.01.25"]
[Round "?"]
[White "Tupock"]
[Black "Hossa"]
[Result "0-1"]
[WhiteElo "1998"]
[BlackElo "2491"]
[PlyCount "24"]
[EventDate "2001.??.??"]

1. d4 c6 2. Nc3 d5 3. e4 e6 4. e5 Nd7 5. f4 Nh6 6. Nf3 Be7 7. Bd3 c5 8. Ne2 c4
9. O-O cxd3 10. Qxd3 Nb6 11. c3 Bd7 12. Kh1 a6 {Tupock resigns} 0-1

[Event "ICS rated blitz match"]
[Site "204.178.125.65"]
[Date "2001.01.25"]
[Round "?"]
[White "ChesterX"]
[Black "Hossa"]
[Result "1/2-1/2"]
[WhiteElo "2685"]
[BlackElo "2493"]
[PlyCount "159"]
[EventDate "2001.??.??"]

1. e4 c5 2. c3 Nf6 3. e5 Nd5 4. g3 d6 5. exd6 Qxd6 6. Bg2 Nc6 7. Na3 Bf5 8. Nb5
Qe6+ 9. Ne2 O-O-O 10. d4 cxd4 11. cxd4 Bg4 12. f3 Bf5 13. Bg5 Ndb4 14. O-O Bd3
15. Nbc3 Qf5 16. Qd2 Nxd4 17. Nxd4 Rxd4 18. Ne2 Rd7 19. Qxb4 Qxg5 20. Rfc1+ Kd8
21. f4 e6 22. Qc3 Qc5+ 23. Qxc5 Bxc5+ 24. Rxc5 Bxe2 25. Re1 b6 26. Rc2 Bd1 27.
Rc1 Ba4 28. b3 Bb5 29. f5 exf5 30. Re5 Bd3 31. Bc6 Rd6 32. Kf2 g5 33. Ree1 f4
34. Rc3 fxg3+ 35. hxg3 Bf5 36. Re5 Bd7 37. Bxd7 Kxd7 38. Rxg5 Rd2+ 39. Kf3 Rxa2
40. Rf5 Ke6 41. g4 Ra1 42. Re3+ Kd6 43. Rf6+ Kc5 44. Rf5+ Kb4 45. Rf4+ Kb5 46.
Rf5+ Ka6 47. Kf2 Rd8 48. Rxf7 Rd2+ 49. Re2 Rxe2+ 50. Kxe2 Rb1 51. Rxh7 Rxb3 52.
Kf2 Rb4 53. Kf3 Rb1 54. g5 Rg1 55. Rh5 Ra1 56. Rh7 Kb5 57. g6 Rg1 58. g7 a5 59.
Kf2 Rg6 60. Kf3 a4 61. Kf4 a3 62. Rh5+ Kb4 63. Rg5 Rxg5 64. Kxg5 a2 65. g8=Q
a1=Q 66. Qf8+ Kb5 67. Qf5+ Kc6 68. Qc8+ Kd5 69. Qd7+ Kc5 70. Qc8+ Kb4 71. Qf8+
Kb5 72. Qe8+ Kc5 73. Qc8+ Kb4 74. Qf8+ Kb5 75. Qe8+ Kc5 76. Qc8+ Kd6 77. Qd8+
Kc6 78. Qc8+ Kd5 79. Qd7+ Kc5 80. Qc8+ {Game drawn by repetition} 1/2-1/2